More homes and better places (Record no. 112860)

MARC details
000 -LEADER
fixed length control field 01307cad a22002415a 4500
001 - CONTROL NUMBER
control field L154140
008 - FIXED-LENGTH DATA ELEMENTS--GENERAL INFORMATION
fixed length control field 101118s2011 xxkod f 000 0 eng d
035 ## - SYSTEM CONTROL NUMBER
System control number (Sirsi) u154140
041 0# - LANGUAGE CODE
Language code of text/sound track or separate title eng
110 2# - MAIN ENTRY--CORPORATE NAME
Corporate name or jurisdiction name as entry element Building and Social Housing Foundation
9 (RLIN) 5530
245 00 - TITLE STATEMENT
Title More homes and better places
Remainder of title solutions to address the scale of housing need
Medium [electronic resource]
260 ## - PUBLICATION, DISTRIBUTION, ETC.
Place of publication, distribution, etc. Coalville
Name of publisher, distributor, etc. BSHF
Date of publication, distribution, etc. 2011
520 ## - SUMMARY, ETC.
Summary, etc. The supply of new homes is intricately linked to every aspect of housing policy and to many of the economic and social issues faced by the UK. Significant change is necessary if the country is to get the housing it needs. With the recommendations presented in this report, it is also possible.
521 2# - TARGET AUDIENCE NOTE
Target audience note Advanced
590 ## - LOCAL NOTE (RLIN)
Local note KA NTK
651 #4 - SUBJECT ADDED ENTRY--GEOGRAPHIC NAME
Geographic name United Kingdom
Chronological subdivision
690 ## - LOCAL SUBJECT ADDED ENTRY--TOPICAL TERM (OCLC, RLIN)
Topical term or geographic name as entry element PROPERTY-RESIDENTIAL PROPERTY-RESIDENTIAL PROPERTY MARKET
690 ## - LOCAL SUBJECT ADDED ENTRY--TOPICAL TERM (OCLC, RLIN)
Topical term or geographic name as entry element PROPERTY-RESIDENTIAL PROPERTY-RESIDENTIAL PROPERTY DEVELOPMENT
690 ## - LOCAL SUBJECT ADDED ENTRY--TOPICAL TERM (OCLC, RLIN)
Topical term or geographic name as entry element PROPERTY-RESIDENTIAL PROPERTY-DOMESTIC RESIDENTIAL PROPERTY-HOUSING
690 ## - LOCAL SUBJECT ADDED ENTRY--TOPICAL TERM (OCLC, RLIN)
Topical term or geographic name as entry element ENVIRONMENT AND LAND CONSULTANCY-PLANNING AND DEVELOPMENT
856 40 - ELECTRONIC LOCATION AND ACCESS
Uniform Resource Identifier <a href="https://www.bshf.org/published-information/publication.cfm?lang=00&thePubID=25E04994-15C5-F4C0-99170AE24B5B0A84">https://www.bshf.org/published-information/publication.cfm?lang=00&thePubID=25E04994-15C5-F4C0-99170AE24B5B0A84</a>
Public note Download the report (pdf) free of charge at www.bshf.org
942 ## - ADDED ENTRY ELEMENTS (KOHA)
Suppress in OPAC 0
Holdings
Withdrawn status Lost status Source of classification or shelving scheme Damaged status Not for loan Home library Current library Shelving location Date acquired Total Checkouts Full call number Barcode Date last seen Copy number Price effective from Koha item type
    Dewey Decimal Classification     Virtual Virtual Online 18/10/2011   ONLINE PUBLICATION 154140-2001 06/08/2019 1 06/08/2019 Book